000 00447nam a2200169 a 4500
001 0000-9296
003 ELIB.Books
008 110520 1991
035 _a(ELIB.Books)0000-9448
082 _a221
_bSmi
100 _aSmith James E.
245 _aWhat The Bible Says About The Promised Messiah
260 _bKissimmee: Restoration Press
_c1991
650 _aOld Testament
942 _2ddc
_cBK
998 _cbat
_e2011-05-20
999 _c9296
_d9296